[Event "Titled Tuesday intern op 23rd Feb"]
[Site "Chess.com INT"]
[Date "2021.02.23"]
[Round "5"]
[White "Karthikeyan, Murali"]
[Black "Chung, Kevin"]
[Result "0-1"]
[WhiteElo "2606"]
[BlackElo "2070"]
[PlyCount "78"]
[EventDate "2021.02.23"]
[EventType "swiss (blitz)"]
[EventRounds "11"]
[EventCountry "USA"]
[SourceTitle "CBM 200 Extra"]
[Source "ChessBase"]
[SourceDate "2021.03.31"]
[SourceVersion "1"]
[SourceVersionDate "2021.03.31"]
[SourceQuality "1"]

1. d4 e6 2. Nf3 d5 3. Bf4 Nf6 4. Nbd2 c5 5. e3 Nc6 6. c3 Bd6 7. Bg3 0-0 8. Bd3 Re8 9. Ne5 Qc7 10. f4 a6 11. Qf3 b5 12. Bh4 Be7 13. Qh3 g6 14. Ndf3 Bb7 15. 0-0 Ne4 16. Bxe4 dxe4 17. Ng5 Bxg5 18. Bxg5 f5 19. Bf6 Nxe5 20. Bxe5 Qf7 21. dxc5 Red8 22. Bd4 Bd5 23. Kh1 Bc4 24. Rf2 Rac8 25. g4 Rd5 26. b3 Bd3 27. b4 a5 28. a3 a4 29. Rg1 Kf8 30. Rfg2 Ke7 31. gxf5 Rxf5 32. Rg5 Be2 33. R1g3 Bf3+ 34. Kg1 Kd7 35. Qh6 Re8 36. Rxf5 exf5 37. Rh3 Re7 38. Qg5 Qa2 39. Rg3 Qb1+ 0-1

[Event "Titled Tuesday intern op 29th Dec"]
[Site "Chess.com INT"]
[Date "2020.12.29"]
[Round "8"]
[White "Chung, Kevin"]
[Black "Muhammed, Shuaau"]
[Result "1-0"]
[WhiteElo "2070"]
[BlackElo "1925"]
[PlyCount "97"]
[EventDate "2020.12.29"]
[EventType "swiss (blitz)"]
[EventRounds "11"]
[EventCountry "USA"]
[SourceTitle "CBM 200 Extra"]
[Source "ChessBase"]
[SourceDate "2021.03.31"]
[SourceVersion "1"]
[SourceVersionDate "2021.03.31"]
[SourceQuality "1"]

1. e4 e6 2. d4 c5 3. d5 e5 4. c4 d6 5. Nc3 f5 6. Bd3 f4 7. g3 fxg3 8. hxg3 Nf6 9. Bg5 Be7 10. f4 Bg4 11. Qb3 Nh5 12. Qxb7 Nd7 13. Bxe7 Kxe7 14. Rh4 Nhf6 15. fxe5 dxe5 16. b3 h5 17. Qa6 Qb6 18. Qxb6 axb6 19. Kd2 g5 20. Rh2 h4 21. gxh4 Rxh4 22. Rxh4 gxh4 23. Be2 Rh8 24. Bxg4 Nxg4 25. Nh3 Ngf6 26. Rg1 Rg8 27. Rxg8 Nxg8 28. Ke3 Ngf6 29. Kf3 Nb8 30. Na4 Nbd7 31. Nf2 Kd6 32. Ng4 Nh5 33. Ne3 Nf4 34. Nf5+ Kc7 35. Nxh4 Nd3 36. Nc3 Nb8 37. Ng6 Na6 38. Ke3 Nc1 39. Nxe5 Nb4 40. a4 Nxb3 41. Nd3 Nc2+ 42. Kf4 Ncd4 43. e5 Kd7 44. Ke4 Nc2 45. e6+ Kd6 46. Nb5+ Ke7 47. Ne5 Ncd4 48. Nc6+ Nxc6 49. dxc6 1-0

[Event "Titled Tuesday intern op 29th Dec"]
[Site "Chess.com INT"]
[Date "2020.12.29"]
[Round "5"]
[White "Petre, Nad Titus"]
[Black "Chung, Kevin"]
[Result "1-0"]
[WhiteElo "2315"]
[BlackElo "2070"]
[PlyCount "85"]
[EventDate "2020.12.29"]
[EventType "swiss (blitz)"]
[EventRounds "11"]
[EventCountry "USA"]
[SourceTitle "CBM 200 Extra"]
[Source "ChessBase"]
[SourceDate "2021.03.31"]
[SourceVersion "1"]
[SourceVersionDate "2021.03.31"]
[SourceQuality "1"]

1. c4 e6 2. Nf3 d5 3. g3 Nf6 4. Bg2 Be7 5. b3 0-0 6. Bb2 b6 7. 0-0 Bb7 8. e3 dxc4 9. bxc4 c5 10. Nc3 Nc6 11. Qe2 Qd7 12. Rfd1 Rfd8 13. Ne1 Rac8 14. f4 Na5 15. d3 a6 16. a4 Bc6 17. g4 Qb7 18. Rab1 Nd7 19. g5 e5 20. Nd5 Bd6 21. Bc3 Qa7 22. Nxb6 Nxb6 23. Bxa5 Nxa4 24. Bxc6 Rxc6 25. Bxd8 Nc3 26. Qf3 e4 27. dxe4 Nxb1 28. Rxb1 Qd7 29. e5 Bf8 30. Rd1 Qe6 31. Ba5 h6 32. h4 hxg5 33. hxg5 Qf5 34. e4 Qc8 35. Rd8 Qb7 36. f5 Qb1 37. Qd3 Qa1 38. Bc3 Qa4 39. g6 fxg6 40. Qd5+ Kh7 41. Rxf8 gxf5 42. exf5 Rh6 43. Qg8# 1-0

[Event "Titled Tuesday intern op 29th Dec"]
[Site "Chess.com INT"]
[Date "2020.12.29"]
[Round "10"]
[White "Villegas, Pierre"]
[Black "Chung, Kevin"]
[Result "1-0"]
[WhiteElo "2367"]
[BlackElo "2070"]
[PlyCount "71"]
[EventDate "2020.12.29"]
[EventType "swiss (blitz)"]
[EventRounds "11"]
[EventCountry "USA"]
[SourceTitle "CBM 200 Extra"]
[Source "ChessBase"]
[SourceDate "2021.03.31"]
[SourceVersion "1"]
[SourceVersionDate "2021.03.31"]
[SourceQuality "1"]

1. d4 e6 2. c4 d5 3. Nc3 Nf6 4. cxd5 exd5 5. Bg5 Be7 6. e3 h6 7. Bh4 0-0 8. Bd3 Be6 9. Nge2 b6 10. 0-0 c5 11. dxc5 bxc5 12. Rc1 Nc6 13. Bb1 Qd7 14. Na4 c4 15. b3 Rfd8 16. Bxf6 Bxf6 17. Nc5 Qe7 18. Nxe6 Qxe6 19. Qc2 Ne5 20. Nd4 Qg4 21. Qh7+ Kf8 22. f3 Qh4 23. Nf5 g6 24. Nxh4 Ke7 25. Nxg6+ Ke6 26. Nf4+ Ke7 27. bxc4 Rh8 28. Qf5 dxc4 29. Nd5+ Kd6 30. Nxf6 Kc6 31. Qxe5 Kb6 32. Nd5+ Kb7 33. Qc7+ Ka6 34. Rxc4 Rab8 35. Ra4+ Kb5 36. Qc4# 1-0

[Event "Titled Tuesday intern op 22nd Dec"]
[Site "Chess.com INT"]
[Date "2020.12.22"]
[Round "10"]
[White "Chung, Kevin"]
[Black "Sharapov, Evgeny"]
[Result "0-1"]
[WhiteElo "2070"]
[BlackElo "2380"]
[PlyCount "112"]
[EventDate "2020.12.22"]
[EventType "swiss (blitz)"]
[EventRounds "11"]
[EventCountry "USA"]
[SourceTitle "CBM 199 Extra"]
[Source "ChessBase"]
[SourceDate "2021.01.31"]
[SourceVersion "1"]
[SourceVersionDate "2021.01.31"]
[SourceQuality "1"]

1. e4 c5 2. d4 cxd4 3. Nf3 Nc6 4. Nxd4 Nf6 5. Nc3 d6 6. Be2 e5 7. Nb3 Be7 8. f4 0-0 9. 0-0 a5 10. Be3 a4 11. Nd2 a3 12. b3 Nd4 13. Nb5 Nxb5 14. Bxb5 Ng4 15. Nc4 Nxe3 16. Nxe3 Qb6 17. Qd3 exf4 18. Rxf4 Bg5 19. Rf3 Bg4 20. Rg3 Bf4 21. Rxg4 Qxe3+ 22. Qxe3 Bxe3+ 23. Kf1 Rac8 24. c4 Bd4 25. Rd1 Be5 26. Ke2 g6 27. h4 h5 28. Rg5 Kg7 29. Bd7 Rcd8 30. Bf5 Bf4 31. Bh3 Bxg5 32. hxg5 Rfe8 33. Kf3 Re5 34. Kf4 f6 35. gxf6+ Kxf6 36. g3 g5+ 37. Ke3 g4 38. Bg2 Kg5 39. Rf1 h4 40. gxh4+ Kxh4 41. Rf7 Kg3 42. Bf1 Rde8 43. Bd3 R8e7 44. Rf6 R5e6 45. Rf5 Rh6 46. Rg5 Rh3 47. Be2 Kh4+ 48. Kf4 Rxe4+ 49. Kxe4 Kxg5 50. Bf1 Rh2 51. b4 Rxa2 52. c5 dxc5 53. bxc5 Rb2 54. Ba6 bxa6 55. c6 Rc2 56. c7 Rxc7 0-1

[Event "Chess.com Bullet op1"]
[Site "Chess.com INT"]
[Date "2020.12.19"]
[Round "19"]
[White "Chung, Kevin"]
[Black "Lee, Jun Hyeok"]
[Result "0-1"]
[WhiteElo "2070"]
[BlackElo "2369"]
[PlyCount "152"]
[EventDate "2020.12.19"]
[EventType "swiss (blitz)"]
[EventRounds "21"]
[EventCountry "USA"]
[SourceTitle "EXT 2022"]
[Source "ChessBase"]
[SourceDate "2021.10.06"]
[SourceVersion "1"]
[SourceVersionDate "2021.10.06"]
[SourceQuality "1"]

1. e4 g6 2. d4 Bg7 3. c3 d6 4. f4 Nf6 5. Bd3 0-0 6. Nf3 c5 7. d5 e6 8. dxe6 fxe6 9. 0-0 Nc6 10. Qe2 e5 11. Bc4+ Kh8 12. Ng5 Qe7 13. f5 gxf5 14. exf5 d5 15. Bb5 h6 16. Nf3 e4 17. Nh4 Ne5 18. Bf4 Nfg4 19. h3 Qxh4 20. hxg4 Nxg4 21. g3 Qh3 22. Qg2 Qxg2+ 23. Kxg2 Bxf5 24. Nd2 d4 25. Nb3 e3 26. Nxc5 b6 27. Nd3 Be4+ 28. Kh3 Bxd3 29. Bxd3 Nf2+ 30. Rxf2 exf2 31. c4 Rae8 32. Kg2 Re1 33. Rc1 Rxf4 34. gxf4 Rxc1 35. Kxf2 h5 36. b3 h4 37. f5 Bf6 38. Kg2 Rd1 39. Be4 Rd2+ 40. Kf3 Rxa2 41. b4 Rb2 42. c5 bxc5 43. bxc5 Rb3+ 44. Kg4 Rc3 45. c6 d3 46. c7 d2 47. Kh5 d1Q+ 48. Kg6 Qd7 49. Kxf6 Qg7+ 50. Ke6 Rxc7 51. Kd5 Rd7+ 52. Kc4 Qf6 53. Kc5 a6 54. Bc6 Rc7 55. Kd5 Rxc6 56. Ke4 Qxf5+ 57. Kxf5 a5 58. Ke5 Rb6 59. Kd5 a4 60. Kc5 Rb8 61. Kc6 a3 62. Kc7 Rb1 63. Kc6 a2 64. Kd7 a1Q 65. Ke6 Qb2 66. Kf7 Rc1 67. Ke6 h3 68. Kd6 h2 69. Ke6 h1Q 70. Kf5 Qf3+ 71. Kg6 Qb6+ 72. Kg5 Qd5+ 73. Kh4 Rc4+ 74. Kg3 Qb3+ 75. Kh2 Qd2+ 76. Kg1 Rc1# 0-1

[Event "Chess.com Bullet op1"]
[Site "Chess.com INT"]
[Date "2020.12.19"]
[Round "10"]
[White "Chung, Kevin"]
[Black "Loanzon, Arjoe"]
[Result "1-0"]
[WhiteElo "2070"]
[BlackElo "2140"]
[PlyCount "127"]
[EventDate "2020.12.19"]
[EventType "swiss (blitz)"]
[EventRounds "21"]
[EventCountry "USA"]
[SourceTitle "EXT 2022"]
[Source "ChessBase"]
[SourceDate "2021.10.06"]
[SourceVersion "1"]
[SourceVersionDate "2021.10.06"]
[SourceQuality "1"]

1. e4 h5 2. d4 e6 3. c3 Be7 4. Bd3 h4 5. f4 a5 6. Nf3 a4 7. 0-0 d6 8. e5 d5 9. Qc2 g6 10. Be3 Nh6 11. Nbd2 Nf5 12. Bf2 Nc6 13. g4 hxg3 14. Bxg3 Na5 15. Qxa4+ Bd7 16. Qc2 b5 17. Nb3 Nc4 18. Bxc4 bxc4 19. Nc5 Bxc5 20. dxc5 Qe7 21. Qf2 Ra5 22. b4 cxb3 23. axb3 Rxa1 24. Rxa1 Kf8 25. b4 Kg7 26. Ra7 Bb5 27. Nd4 Be8 28. Nxf5+ gxf5 29. Qg2 Rh6 30. Bh4+ Rg6 31. Qxg6+ fxg6 32. Bxe7 Kh6 33. Rxc7 Kh5 34. Kf2 Bb5 35. Kg3 g5 36. Bxg5 Kg6 37. Re7 d4 38. Rxe6+ Kf7 39. Rf6+ Kg7 40. cxd4 Bd3 41. h4 Be4 42. b5 Bc6 43. b6 Bb7 44. Rxf5 Be4 45. Rf6 Kh7 46. Rd6 Bf5 47. c6 Bc8 48. b7 Bxb7 49. cxb7 Kg7 50. b8N Kh7 51. Rf6 Kg7 52. d5 Kh7 53. d6 Kg7 54. d7 Kh7 55. d8N Kg7 56. Kg4 Kh7 57. Kh5 Kg7 58. Rf7+ Kg8 59. Kg6 Kh8 60. e6 Kg8 61. e7 Kh8 62. e8N Kg8 63. Nf6+ Kh8 64. Rh7# 1-0

[Event "Chess.com Bullet op1"]
[Site "Chess.com INT"]
[Date "2020.12.19"]
[Round "11"]
[White "Gareyev, Timur"]
[Black "Chung, Kevin"]
[Result "0-1"]
[WhiteElo "2606"]
[BlackElo "2070"]
[PlyCount "90"]
[EventDate "2020.12.19"]
[EventType "swiss (blitz)"]
[EventRounds "21"]
[EventCountry "USA"]
[SourceTitle "EXT 2022"]
[Source "ChessBase"]
[SourceDate "2021.10.06"]
[SourceVersion "1"]
[SourceVersionDate "2021.10.06"]
[SourceQuality "1"]

1. e4 e6 2. Nc3 d5 3. d4 Bb4 4. Bd2 Ne7 5. Qg4 0-0 6. e5 c5 7. a3 Bxc3 8. bxc3 f5 9. exf6 Rxf6 10. Nf3 e5 11. Qg3 e4 12. Ne5 Nbc6 13. Bg5 Re6 14. Nxc6 Rxc6 15. Be2 Qe8 16. 0-0 Nf5 17. Qf4 cxd4 18. g4 Nd6 19. Rad1 Rxc3 20. Rxd4 Qe6 21. Rfd1 Rxc2 22. Rxd5 Ne8 23. Re5 Qg6 24. Rd8 Bd7 25. Be7 Qf7 26. Qxf7+ Kxf7 27. Rxd7 Rxe2 28. Bd8+ Kf8 29. Rf5+ Kg8 30. Rff7 Rc8 31. Rfe7 Kf8 32. Re5 e3 33. Be7+ Kf7 34. Bc5+ Kg8 35. Bxe3 Nf6 36. Rd2 Rxd2 37. Bxd2 Nxg4 38. Re8+ Rxe8 39. Kg2 Rc8 40. Bf4 Nf6 41. Kg3 Nd5 42. f3 Nb6 43. Bg5 Nc4 44. Kg4 Kf7 45. Kh5 Ke6 0-1

[Event "Chess.com Bullet op1"]
[Site "Chess.com INT"]
[Date "2020.12.19"]
[Round "6"]
[White "Manukyan, Sargis A"]
[Black "Chung, Kevin"]
[Result "1-0"]
[WhiteElo "2244"]
[BlackElo "2070"]
[PlyCount "93"]
[EventDate "2020.12.19"]
[EventType "swiss (blitz)"]
[EventRounds "21"]
[EventCountry "USA"]
[SourceTitle "EXT 2022"]
[Source "ChessBase"]
[SourceDate "2021.10.06"]
[SourceVersion "1"]
[SourceVersionDate "2021.10.06"]
[SourceQuality "1"]

1. d4 e6 2. e3 d5 3. Nf3 c5 4. Be2 Nc6 5. dxc5 Bxc5 6. 0-0 Nf6 7. b3 0-0 8. Bb2 Ne4 9. Nbd2 f5 10. Nxe4 fxe4 11. Nd4 Nxd4 12. Bxd4 Bd6 13. c4 Bd7 14. cxd5 exd5 15. Rc1 Bc6 16. Bb2 Qh4 17. g3 Qh6 18. Qd4 Rfe8 19. b4 Be5 20. Qd2 Bxb2 21. Qxb2 Rad8 22. Rfd1 Qf6 23. Qd4 Ba4 24. Rd2 b6 25. b5 Bxb5 26. Bxb5 Re6 27. Rc7 Qf5 28. Bd7 Rxd7 29. Rxd7 Rf6 30. Qxd5+ Qxd5 31. R2xd5 a5 32. Re5 h6 33. Re8+ Kh7 34. Ree7 Rg6 35. Rxe4 h5 36. Ree7 Kh6 37. h4 Rg4 38. Rb7 Rg6 39. Ra7 a4 40. Reb7 a3 41. Rxa3 b5 42. Ra5 b4 43. Rab5 b3 44. Rxb3 Rg4 45. R3b6+ Kh7 46. a4 Rxa4 47. Rb5 1-0

[Event "Chess.com Bullet op1"]
[Site "Chess.com INT"]
[Date "2020.12.19"]
[Round "14"]
[White "Polok, Kacper"]
[Black "Chung, Kevin"]
[Result "0-1"]
[WhiteElo "2272"]
[BlackElo "2070"]
[PlyCount "92"]
[EventDate "2020.12.19"]
[EventType "swiss (blitz)"]
[EventRounds "21"]
[EventCountry "USA"]
[SourceTitle "EXT 2022"]
[Source "ChessBase"]
[SourceDate "2021.10.06"]
[SourceVersion "1"]
[SourceVersionDate "2021.10.06"]
[SourceQuality "1"]

1. e4 e6 2. d4 d5 3. Nc3 Bb4 4. e5 c5 5. a3 cxd4 6. axb4 dxc3 7. b5 Qc7 8. Nf3 Nd7 9. bxc3 Nxe5 10. Bd2 Nf6 11. Nxe5 Qxe5+ 12. Be2 0-0 13. 0-0 d4 14. cxd4 Qxd4 15. Kh1 Rd8 16. c3 Qxd2 17. Qxd2 Rxd2 18. Rfd1 Rxd1+ 19. Rxd1 Kf8 20. c4 Ke7 21. g4 b6 22. Bf3 Rb8 23. Kg2 Bb7 24. h4 Bxf3+ 25. Kxf3 Rd8 26. Ra1 Rd7 27. g5 Ne8 28. Kf4 Nd6 29. Ra4 Rc7 30. Kg3 Nxc4 31. f3 Nd6 32. Rb4 Rc5 33. h5 Rxg5+ 34. Kf2 Rxh5 35. Ra4 Nxb5 36. f4 Rc5 37. Ra2 a5 38. Kf3 Kf6 39. Ke4 Nd6+ 40. Kf3 Nf5 41. Rb2 Rc3+ 42. Kg2 Rc6 43. Kf3 h5 44. Rb5 a4 45. Rb4 b5 46. Rxb5 Nd4+ 0-1

[Event "Titled Tuesday intern op 17th Nov"]
[Site "Chess.com INT"]
[Date "2020.11.17"]
[Round "7"]
[White "Arias, Juan Cruz"]
[Black "Chung, Kevin"]
[Result "1-0"]
[WhiteElo "2277"]
[BlackElo "2070"]
[PlyCount "33"]
[EventDate "2020.11.17"]
[EventType "swiss (blitz)"]
[EventRounds "11"]
[EventCountry "USA"]
[SourceTitle "CBM 199 Extra"]
[Source "ChessBase"]
[SourceDate "2021.01.31"]
[SourceVersion "1"]
[SourceVersionDate "2021.01.31"]
[SourceQuality "1"]

1. e4 e6 2. d4 d5 3. exd5 exd5 4. c4 Nf6 5. Nf3 Be7 6. Be2 0-0 7. 0-0 dxc4 8. Bxc4 Nbd7 9. Nc3 Nb6 10. Bb3 Bg4 11. Re1 Re8 12. h3 Bxf3 13. Qxf3 Qxd4 14. Qxb7 Bd6 15. Be3 Qh4 16. Qf3 Re7 17. Bxb6 1-0

[Event "Speed Chess Super Swiss"]
[Site "Chess.com INT"]
[Date "2020.10.03"]
[Round "6"]
[White "Chung, Kevin"]
[Black "Todev, Simeon"]
[Result "1-0"]
[WhiteElo "2070"]
[BlackElo "2032"]
[PlyCount "107"]
[EventDate "2020.10.03"]
[EventType "swiss (blitz)"]
[EventRounds "15"]
[EventCountry "USA"]
[SourceTitle "CBM 198 Extra"]
[Source "ChessBase"]
[SourceDate "2020.11.30"]
[SourceVersion "1"]
[SourceVersionDate "2020.11.30"]
[SourceQuality "1"]

1. e4 c5 2. d4 cxd4 3. c3 dxc3 4. Nxc3 Nc6 5. Nf3 e6 6. Bc4 Bb4 7. 0-0 Nge7 8. Bg5 0-0 9. Qb3 Bxc3 10. Qxc3 d5 11. Rfd1 f6 12. Bh4 Na5 13. exd5 Nxc4 14. dxe6 Qc7 15. b3 Bxe6 16. bxc4 Qxc4 17. Qb2 Nf5 18. Bg3 Nxg3 19. hxg3 b6 20. Rac1 Qxa2 21. Qb4 Rad8 22. Qe7 Rxd1+ 23. Rxd1 Bg4 24. Rd8 Qf7 25. Rxf8+ Qxf8 26. Qxa7 Bxf3 27. gxf3 Qc5 28. Qa8+ Kf7 29. Qb7+ Kg6 30. Qe4+ Qf5 31. Qc6 b5 32. Qe8+ Kh6 33. Qe3+ Kg6 34. Qe8+ Kh6 35. Qe3+ g5 36. Qb3 g4 37. fxg4 Qg5 38. Kg2 Kg6 39. Qd3+ f5 40. Qxb5 fxg4 41. Qc6+ Qf6 42. Qc2+ Qf5 43. Qe2 h5 44. Qa6+ Kg7 45. Qe2 Qd5+ 46. Kg1 Qf5 47. Qe3 Kf6 48. Qe8 Qg6 49. Qf8+ Kg5 50. Qc5+ Kh6 51. Qe3+ Qg5 52. Qe1 h4 53. Qe6+ Kh5 54. Qe1 1-0

[Event "Speed Chess Super Swiss"]
[Site "Chess.com INT"]
[Date "2020.10.03"]
[Round "5"]
[White "Osorio Guevara, Javier Jose"]
[Black "Chung, Kevin"]
[Result "1/2-1/2"]
[WhiteElo "2099"]
[BlackElo "2070"]
[PlyCount "162"]
[EventDate "2020.10.03"]
[EventType "swiss (blitz)"]
[EventRounds "15"]
[EventCountry "USA"]
[SourceTitle "CBM 198 Extra"]
[Source "ChessBase"]
[SourceDate "2020.11.30"]
[SourceVersion "1"]
[SourceVersionDate "2020.11.30"]
[SourceQuality "1"]

1. Nf3 d5 2. g3 Nf6 3. Bg2 g6 4. 0-0 Bg7 5. d3 0-0 6. Nbd2 d4 7. e4 dxe3 8. fxe3 c5 9. e4 Nc6 10. h3 e5 11. Nc4 Re8 12. c3 b5 13. Ne3 Bb7 14. Qe2 Qb6 15. Kh2 Rad8 16. a4 a6 17. axb5 axb5 18. Bd2 Na5 19. Rad1 Nb3 20. Be1 c4 21. dxc4 Nxe4 22. cxb5 Rxd1 23. Nxd1 f5 24. Ne3 Qc5 25. Qc4+ Qxc4 26. Nxc4 Nec5 27. Nfd2 Bxg2 28. Kxg2 Nd3 29. Nxb3 e4 30. b6 Rb8 31. Nd4 Ne5 32. Nxe5 Bxe5 33. Nc6 Rxb6 34. Nxe5 Rxb2+ 35. Rf2 Rb1 36. Re2 Rc1 37. Nd7 Kf7 38. Nb6 Kf6 39. c4 g5 40. Bf2 f4 41. Rxe4 Kf5 42. Rd4 h5 43. gxf4 gxf4 44. Rd5+ Kg6 45. Kf3 Rc3+ 46. Kxf4 Rxh3 47. c5 Rh2 48. Bd4 Rc2 49. Rd6+ Kh7 50. c6 h4 51. Kg4 Rg2+ 52. Kxh4 Rc2 53. Rd7+ Kg6 54. c7 Kf5 55. c8Q Rxc8 56. Nxc8 Ke6 57. Rd6+ Kf5 58. Bc5 Ke4 59. Kg4 Ke5 60. Rd2 Ke4 61. Rf2 Ke5 62. Rf4 Kd5 63. Bg1 Ke5 64. Ne7 Kd6 65. Bh2 Kxe7 66. Rf3 Ke6 67. Kg3 Kd5 68. Rf4 Kc5 69. Kg4 Kd5 70. Rf5+ Ke6 71. Kf4 Kd7 72. Ke4 Ke7 73. Re5+ Kd7 74. Kf5 Kd6 75. Bg3 Kd7 76. Re6 Kc8 77. Kf6 Kd8 78. Be5 Kd7 79. Bd4 Kd8 80. Re7 Kc8 81. Ke6 Kd8 1/2-1/2

[Event "Titled Tuesday intern op 16th June"]
[Site "Chess.com INT"]
[Date "2020.06.16"]
[Round "6"]
[White "Chung, Kevin"]
[Black "Sukandar, Irine Kharisma"]
[Result "1-0"]
[WhiteElo "2070"]
[BlackElo "2413"]
[PlyCount "55"]
[EventDate "2020.06.16"]
[EventType "swiss (blitz)"]
[EventRounds "10"]
[EventCountry "USA"]
[SourceTitle "EXT 2021"]
[Source "ChessBase"]
[SourceDate "2020.10.23"]
[SourceVersion "1"]
[SourceVersionDate "2020.10.23"]
[SourceQuality "1"]

1. e4 c5 2. Nc3 g6 3. f4 Bg7 4. Nf3 d6 5. Bc4 Nc6 6. 0-0 e6 7. Ne2 Nge7 8. c3 0-0 9. d4 cxd4 10. Nexd4 d5 11. exd5 Nxd4 12. Nxd4 Nxd5 13. Kh1 a6 14. a4 Qd6 15. Nc2 Rd8 16. Ne3 Qc7 17. Bxd5 exd5 18. Nc2 Qc4 19. Be3 Re8 20. Bd4 Bf8 21. Ne3 Qc6 22. f5 Re4 23. Qf3 g5 24. Qh5 h6 25. Ng4 Rxg4 26. Qxg4 Bd7 27. a5 Qc4 28. h4 1-0

[Event "Titled Tuesday intern op 19th May"]
[Site "Chess.com INT"]
[Date "2020.05.19"]
[Round "7"]
[White "Chung, Kevin"]
[Black "Janaszak, Dawid"]
[Result "0-1"]
[WhiteElo "2070"]
[BlackElo "2356"]
[PlyCount "52"]
[EventDate "2020.05.19"]
[EventType "swiss (blitz)"]
[EventRounds "10"]
[EventCountry "USA"]
[SourceTitle "EXT 2021"]
[Source "ChessBase"]
[SourceDate "2020.10.23"]
[SourceVersion "1"]
[SourceVersionDate "2020.10.23"]
[SourceQuality "1"]

1. g4 e5 2. Bg2 h5 3. gxh5 Qh4 4. d4 Qxd4 5. Qxd4 exd4 6. Nf3 Nc6 7. Bf4 Bb4+ 8. Nbd2 d6 9. 0-0-0 Nf6 10. a3 Bxd2+ 11. Nxd2 Nxh5 12. Bg3 Bg4 13. f3 Be6 14. b4 0-0-0 15. b5 Ne5 16. Ne4 Nxg3 17. hxg3 Rxh1 18. Rxh1 Nc4 19. Rh7 Nxa3 20. Rxg7 Nxb5 21. Ng5 c5 22. f4 Rd7 23. f5 Bxf5 24. Nxf7 Kc7 25. Bd5 Nc3 26. Bb3 d5 0-1

[Event "Titled Tuesday intern op 19th May"]
[Site "Chess.com INT"]
[Date "2020.05.19"]
[Round "6"]
[White "Gukesh, Dommaraju"]
[Black "Chung, Kevin"]
[Result "1-0"]
[WhiteElo "2563"]
[BlackElo "2070"]
[PlyCount "77"]
[EventDate "2020.05.19"]
[EventType "swiss (blitz)"]
[EventRounds "10"]
[EventCountry "USA"]
[SourceTitle "EXT 2021"]
[Source "ChessBase"]
[SourceDate "2020.10.23"]
[SourceVersion "1"]
[SourceVersionDate "2020.10.23"]
[SourceQuality "1"]

1. e4 e6 2. d4 d5 3. Nc3 Bb4 4. e5 c5 5. a3 cxd4 6. axb4 dxc3 7. bxc3 Qc7 8. Nf3 Nd7 9. Qd4 Ne7 10. Bb5 0-0 11. Bxd7 Bxd7 12. 0-0 Bb5 13. Re1 Nf5 14. Qd2 Rfc8 15. Bb2 Qc4 16. Rac1 a5 17. h3 a4 18. g4 a3 19. Ba1 Ne7 20. Nd4 Nc6 21. Nb3 Ba4 22. Nc5 b6 23. Nd3 Bb5 24. f4 Rd8 25. f5 d4 26. f6 dxc3 27. Qg5 Qd4+ 28. Kh2 Kf8 29. Qxg7+ Ke8 30. Qg8+ Kd7 31. Qxf7+ Kc8 32. Qxe6+ Kb7 33. Qf5 Bxd3 34. cxd3 Nxb4 35. e6 Nxd3 36. e7 Re8 37. f7 Nxe1 38. Bxc3 Qd6+ 39. Kg1 1-0

[Event "CAN-chT University"]
[Site "Montreal"]
[Date "2013.01.12"]
[Round "1"]
[White "Riordon, Jason"]
[Black "Chung, Kevin"]
[Result "1-0"]
[WhiteElo "2035"]
[BlackElo "2286"]
[PlyCount "87"]
[EventDate "2013.01.12"]
[EventType "swiss"]
[EventRounds "5"]
[EventCountry "CAN"]
[SourceTitle "EXT 2014"]
[Source "ChessBase"]
[SourceDate "2013.11.20"]
[SourceVersion "1"]
[SourceVersionDate "2013.11.20"]
[SourceQuality "1"]

1. e4 e6 2. d4 d5 3. Nd2 h6 4. e5 c5 5. c3 Ne7 6. Bd3 Qb6 7. Ne2 Nec6 8. Nf3 cxd4 9. cxd4 Bb4+ 10. Bd2 Bxd2+ 11. Qxd2 Qb4 12. Rc1 Qxd2+ 13. Nxd2 f6 14. 0-0 0-0 15. f4 Bd7 16. a3 Be8 17. g4 Nd7 18. Nf3 Bf7 19. Rc3 Rac8 20. Rfc1 Ne7 21. Rc7 Rxc7 22. Rxc7 Be8 23. Rxb7 fxe5 24. Nxe5 Nxe5 25. dxe5 Ng6 26. Bxg6 Bxg6 27. Rxa7 Bd3 28. Kf2 Bxe2 29. Kxe2 Rxf4 30. b4 Rxg4 31. b5 Rg2+ 32. Kf3 Rb2 33. a4 Kf8 34. h4 g6 35. Ke3 Ke8 36. Kd4 Rc2 37. b6 Rc4+ 38. Kd3 Rb4 39. a5 Kd8 40. Rg7 Kc8 41. Rxg6 Rxh4 42. a6 Ra4 43. Rg8+ Kd7 44. a7 1-0

[Event "CAN-ch Post-Secondary A"]
[Site "Waterloo"]
[Date "2011.01.16"]
[Round "3.1"]
[White "Thavandiran, Shiyam"]
[Black "Chung, Kevin"]
[Result "1/2-1/2"]
[WhiteElo "2478"]
[BlackElo "2284"]
[PlyCount "66"]
[EventDate "2011.01.15"]
[EventType "swiss"]
[EventRounds "4"]
[EventCountry "CAN"]
[SourceTitle "EXT 2022"]
[Source "ChessBase"]
[SourceDate "2021.10.06"]
[SourceVersion "1"]
[SourceVersionDate "2021.10.06"]
[SourceQuality "1"]

1. e4 e6 2. d4 d5 3. e5 c5 4. c3 Nc6 5. Nf3 Qc7 6. Na3 a6 7. Nc2 f5 8. h4 Bd7 9. Bf4 Nh6 10. Ng5 cxd4 11. cxd4 Rc8 12. Bd3 Nb4 13. Nxb4 Bxb4+ 14. Bd2 Qa5 15. a3 Bxd2+ 16. Qxd2 Qa4 17. Qb4 Qxb4+ 18. axb4 Nf7 19. Nxf7 Kxf7 20. Kd2 Rc7 21. Rhc1 Rhc8 22. Rc5 Ke7 23. Rac1 Rc6 24. Rxc6 Rxc6 25. Rg1 g6 26. g4 Kf7 27. gxf5 gxf5 28. b5 Rb6 29. bxa6 bxa6 30. Kc3 Ba4 31. h5 Rb3+ 32. Kc2 Rb4+ 33. Kc3 Rb3+ 1/2-1/2